000 nam a22 7a 4500
999 _c126502
_d126502
008 170608b xxu||||| |||| 00| 0 eng d
050 _aB3279.H49H3825 2002
100 _aHemming, Laurence Paul
_91098
245 _aHeidegger's atheism
_bThe refusal of a theological voice
_c/ Laurence Paul Hemming
260 _aNotre Dame, Indiana
_bUnivesity of Notre Dame Press
_c2002
300 _axi, 327p. ;
_c23cm.
600 _aHeideggee, Martin
_xReligion
_932282
650 _aAtheism
_95586
650 _aPhenomenology
_932283
942 _2lcc
_cMONOGRAPH